| 000 | 00329nam a22001217a 4500 | ||
|---|---|---|---|
| 008 | 230629b xxu||||| |||| 00| 0 eng d | ||
| 082 |
_a333.767 _bOKI |
||
| 100 | _cUON | ||
| 245 | _aNatural Resources and the Development of Lake Victoria Basin of Kenya | ||
| 260 |
_aKenya _bGOK _c1979 |
||
| 300 | _avarious paging | ||
| 942 |
_2ddc _cBK |
||
| 999 |
_c2965 _d2965 |
||